50 größte Städte Deutschlands - Statistiken

Allgemein
  • Dieses Quiz wurde 3.558 mal gespielt
  • Das Durchschnittsergebnis liegt bei 40 aus 50
Antwortstatistiken
Rang Einwohnerzahl Bundesland Stadt ohne Vororte % Korrekt
1 3.520.031 Berlin Berlin
100%
2 1.787.408 Hamburg Hamburg
100%
3 1.450.381 Bayern München
100%
4 1.060.582 Nordrhein-Westfalen Köln
99%
5 732.688 Hessen Frankfurt
98%
6 623.738 Baden-Württemberg Stuttgart
98%
11 557.464 Bremen Bremen
97%
7 612.178 Nordrhein-Westfalen Düsseldorf
97%
8 586.181 Nordrhein-Westfalen Dortmund
96%
12 543.825 Sachsen Dresden
95%
13 532.163 Niedersachsen Hannover
95%
10 560.472 Sachsen Leipzig
95%
14 509.975 Bayern Nürnberg
94%
9 582.624 Nordrhein-Westfalen Essen
92%
29 246.306 Schleswig-Holstein Kiel
92%
38 209.779 Rheinland-Pfalz Mainz
88%
43 178.151 Saarland Saarbrücken
88%
45 167.745 Brandenburg Potsdam
86%
23 286.374 Bayern Augsburg
85%
37 210.118 Thüringen Erfurt
85%
32 235.723 Sachsen-Anhalt Magdeburg
84%
24 276.218 Hessen Wiesbaden
84%
19 318.809 Nordrhein-Westfalen Bonn
83%
15 491.231 Nordrhein-Westfalen Duisburg
83%
39 206.011 Mecklenburg-Vorpommern Rostock
83%
16 364.742 Nordrhein-Westfalen Bochum
82%
22 305.780 Baden-Württemberg Mannheim
82%
33 226.393 Baden-Württemberg Freiburg
81%
18 333.090 Nordrhein-Westfalen Bielefeld
80%
25 260.368 Nordrhein-Westfalen Gelsenkirchen
80%
21 307.755 Baden-Württemberg Karlsruhe
80%
30 245.885 Nordrhein-Westfalen Aachen
79%
20 310.039 Nordrhein-Westfalen Münster
77%
28 248.645 Sachsen Chemnitz
76%
27 251.364 Niedersachsen Braunschweig
75%
40 197.984 Hessen Kassel
74%
35 216.253 Schleswig-Holstein Lübeck
73%
17 350.046 Nordrhein-Westfalen Wuppertal
73%
48 163.487 Nordrhein-Westfalen Leverkusen
72%
31 236.991 Sachsen-Anhalt Halle
70%
26 259.996 Nordrhein-Westfalen Mönchengladbach
70%
49 162.403 Niedersachsen Osnabrück
68%
36 210.934 Nordrhein-Westfalen Oberhausen
61%
47 163.830 Niedersachsen Oldenburg
61%
42 179.397 Nordrhein-Westfalen Hamm
54%
34 225.144 Nordrhein-Westfalen Krefeld
53%
46 164.718 Rheinland-Pfalz Ludwigshafen
52%
41 189.044 Nordrhein-Westfalen Hagen
46%
50 158.726 Nordrhein-Westfalen Solingen
44%
44 169.278 Nordrhein-Westfalen Mülheim
37%
Keine übereinstimmenden Quizze gefunden
Verteilung der Resultate
Anzahl Personen mit jedem Resultat
Perzentil nach korrekt beantworteten Fragen
Ihre Resultats-Entwicklung
Sie haben dieses Quiz noch nicht gespielt